All KISS OF LIFE Songs (until Lips Hips Kiss) - Statistics

General Stats
  • This quiz has been taken 17 times
    4 since last reset
  • The average score is 21 of 33
Answer Stats
Answer % Correct
Lips Hips Kiss
100%
Shhh
100%
Sticky
100%
Sugarcoat (NATTY Solo)
100%
Bad News
75%
Bye My Neverland
75%
Countdown (BELLE Solo)
75%
Get Loud
75%
Igloo
75%
Kitty Cat (JULIE Solo)
75%
Midas Touch
75%
Nothing
75%
Play Love Games (HANEUL Solo)
75%
R.E.M
75%
Back to Me
50%
Chemistry
50%
Gentleman
50%
Heart of Gold
50%
k bye
50%
Live, Love, Laugh
50%
Lucky
50%
My 808
50%
Nobody Knows
50%
No One But Us
50%
Painting
50%
Says It
50%
Slide
50%
Tell Me
50%
Te Quiero
50%
Think Twice
50%
Too Many Alex
50%
TTG
50%
W.House
50%
No matching quizzes found
Score Distribution
Percent of People with Each Score
Percentile by Number Answered
Your Score History
You have not taken this quiz since the last reset